Lineamientos para alcanzar al mayor empleo y crecimiento en América Latina
Saved in:
| Corporate Authors: | , |
|---|---|
| Format: | Bog |
| Sprog: | spansk |
| Udgivet: |
Washington, D.C
Secretaría General OEA
1974
|
| Fag: | |
| Tags: |
Tilføj Tag
Ingen Tags, Vær først til at tagge denne postø!
|
MARC
| LEADER | 00000nam a2200000 a 4500 | ||
|---|---|---|---|
| 001 | UCR9401 | ||
| 003 | CL-VaPUC | ||
| 008 | 980613e19740000US |||||||||||||||||spa|d | ||
| 082 | 0 | 4 | |a 331.098 |b OEA |2 21 |
| 110 | 2 | |a OEA |e author |9 411903 | |
| 710 | 2 | |a CIES |e author |9 411904 | |
| 245 | 1 | 0 | |a Lineamientos para alcanzar al mayor empleo y crecimiento en América Latina |
| 300 | |a 254 p | ||
| 942 | |c BK | ||
| 945 | |d 19980613 00:00:00 |a crobeson | ||
| 260 | |a Washington, D.C |b Secretaría General OEA |c 1974 | ||
| 650 | 0 | |a Empleo |9 339124 | |
| 650 | 7 | |a ECONOMIA DEL TRABAJO |2 CL-VaPUC |9 320317 | |
| 650 | 7 | |a POLITICAS LABORALES |2 CL-VaPUC |9 411905 | |
| 650 | 0 | |a Crecimiento económico |9 314037 | |
| 650 | 0 | |a Ahorro |9 351157 | |
| 650 | 0 | |a Recursos humanos |9 228420 | |
| 650 | 0 | |a Distribución del ingreso |9 334288 | |
| 650 | 7 | |a MOVILIDAD DE LA MANO DE OBRA |2 CL-VaPUC |9 408976 | |
| 651 | 0 | |a América Latina |9 255027 | |
| 583 | |a last modification |c 19980613 00:00:00 |k Rodrigo Vera | ||
| 999 | |c 270599 |d 270597 | ||
| 952 | |0 0 |1 0 |4 0 |6 331_098000000000000_OEA_1974 |7 0 |8 A |9 304934 |a BIBENE |b BIBENE |d 2019-11-20 |i 141187K |o 331.098 OEA 1974 |p 141187K |r 2025-01-15 |w 2019-11-20 |y BK |k ICO | ||